| 000 | nkm a22 c 4500 | ||
|---|---|---|---|
| 999 |
_c210220 _d210220 |
||
| 003 | BLK | ||
| 005 | 20210212132502.0 | ||
| 008 | 180412b bul rap|r|||| r0| ||bulo| | ||
| 010 | _aKNG00163126000 | ||
| 040 | _aBLK | ||
| 041 |
_aBUL _cBUL |
||
| 080 |
_aХудожествена обработка на дърво - Обгаряне (пирография), мозайка (интарзия), стругуване, резбарство, лакиране (Палех, Холуй, Жостово, Мстера, Федоскин _b745.51 _x(497.2) _z745.51(497.2) |
||
| 100 | 1 |
_aДрумев, Димитър Атанасов _eпърви автор _9352329 |
|
| 139 |
_aДрумев, Димитър Атанасов _bД 91 |
||
| 245 | 1 | 0 |
_aДърворезбата на катедралната църква в Пазарджик _cДимитър Атанасов Друмев. |
| 257 | _aBGR | ||
| 260 |
_bБълг. художник _c1965 |
||
| 300 |
_a124 с. _bс ил. _c27 см |
||
| 380 | _a7 | ||
| 490 | 1 | _aБиблиотека Българска народна скулптура | |
| 500 | _aАвт. не е означен на кор. - 1 500 тир. - Библиогр. с. 28. - Рез. на рус., фр., нем. и англ. | ||
| 650 | 4 |
_aДърворезба, българска _9261345 |
|
| 651 | 4 |
_aБългария _9241624 |
|
| 653 | _aдърворезба | ||
| 653 | _aцъркви | ||
| 653 | _aПазарджик | ||
| 852 | _aЦб ІІ 26296 | ||
| 856 | 4 |
_qpdf _u |
|
| 856 | 4 |
_qpdf _u |
|
| 942 |
_cGRA _n0 _s1 |
||
| 944 |
_aCR _c16.07.2014 _l16.07.2014 - от С1,Р / 16.07.2014 _kКамелия_Данева |
||
| 944 |
_aED _c2021-02-12 _kКети |
||